Представление документа в формате MARC21

Поле Инд. ПП Название Значение
Тип записи a
Библиографический уровень m
001 Контрольный номер RU/LIBMSTU/437051320
005 Дата корректировки 20140923120400.5
008 Кодируемые данные 131106|||||||||ru |||||||||||000|||rus||
020 a ISBN 978-5-86185-770-3
040 b Код языка каталог. rus
041 a Код языка текста rus
084 a Индекс другой классификации/Индекс ББК 74.2+74.489+74.04
090 a Полочн. индекс 74
x Авторский знак М 26
100 a Автор Маркова Л. А.
110 a Организация/ юрисдикция Мурманский государственный технический университет
245 a Заглавие Теоретические аспекты совершенствования системы повышения квалификации педагогических кадров северных муниципальных образований России в области информационных и коммуникационных технологий
b Продолж. заглавия монография
c Ответственность Федер. агентство по рыболовству, ФГБОУ ВПО "Мурман. гос. техн. ун-т"
260 a Место издания Мурманск
b Издательство Изд-во МГТУ
c Дата издания 2012
300 a Объем 62 с.
504 a Библиография Библиогр.: с. 58-62
650 a Основная рубрика Педагогические кадры-Повышение квалификации-Использование информационных технологий
650 14 a Основная рубрика Информатизация образования
653 a Ключевые слова Информатизация образования; Монографии; Педагогические кадры; Повышение квалификации; Подготовка кадров; Школы
901 t Тип документа m
952 c Вид литературы монография